Arbitration awards: time limits (Record no. 67512)

MARC details
000 -LEADER
fixed length control field 01637cam a2200241 4500
001 - CONTROL NUMBER
control field X113330
008 - FIXED-LENGTH DATA ELEMENTS--GENERAL INFORMATION
fixed length control field 000000n2001 000 0 eng u
035 ## - SYSTEM CONTROL NUMBER
System control number (Sirsi) u113330
245 ## - TITLE STATEMENT
Title Arbitration awards: time limits
260 ## - PUBLICATION, DISTRIBUTION, ETC.
Date of publication, distribution, etc. 2001
490 ## - SERIES STATEMENT
Series statement Arbitration Law Monthly
Volume/sequential designation 1(4) May 2001, 4-5(2)
520 ## - SUMMARY, ETC.
Summary, etc. Discusses "John Mowlem Construction Plc v SoS Defence" where the court was asked to decide whether a reference to arbitration was valid if it was clear that the dispute could not be resolved within the time period agreed by the parties. The judge dismissed the defendant's arguments on the grounds that there was no indication that the procedural requirements laid down in the contract were intended to limit what was a basic unrestricted arbitration clause, and because of the practical problems and extraordinary results that such an arrangement could have resulted in. It was also ruled that in order to remove the powers of the courts to extend time under the Arbitration Act 1996 s50 and s79 the agreement would need to be clear contract out of the Act, which was not the case with the agreement in question.
650 ## - SUBJECT ADDED ENTRY--TOPICAL TERM
Topical term or geographic name entry element MANAGEMENT-DISPUTE AVOIDANCE, MANAGEMENT AND RESOLUTION-DISPUTE MANAGEMENT AND RESOLUTION-ARBITRATION
650 ## - SUBJECT ADDED ENTRY--TOPICAL TERM
Topical term or geographic name entry element ARBITRATION ACT 1996
650 ## - SUBJECT ADDED ENTRY--TOPICAL TERM
Topical term or geographic name entry element ARBITRATION ACT 1996 S50
650 ## - SUBJECT ADDED ENTRY--TOPICAL TERM
Topical term or geographic name entry element ARBITRATION ACT 1996 S79
650 ## - SUBJECT ADDED ENTRY--TOPICAL TERM
Topical term or geographic name entry element ARBITRATION CLAUSES
650 ## - SUBJECT ADDED ENTRY--TOPICAL TERM
Topical term or geographic name entry element CONTRACTING OUT
650 ## - SUBJECT ADDED ENTRY--TOPICAL TERM
Topical term or geographic name entry element JOHN MOWLEM CONSTRUCTION PLC V SOS DEFENCE
650 ## - SUBJECT ADDED ENTRY--TOPICAL TERM
Topical term or geographic name entry element TIME LIMITS
690 ## - LOCAL SUBJECT ADDED ENTRY--TOPICAL TERM (OCLC, RLIN)
Topical term or geographic name as entry element MANGEMENT-DISPUTE AVOIDANCE, MANAGEMENT AND RESOLUTION-DISPUTE MANAGEMENT AND RESOLUTION
942 ## - ADDED ENTRY ELEMENTS (KOHA)
Suppress in OPAC 0
Holdings
Withdrawn status Lost status Source of classification or shelving scheme Damaged status Not for loan Home library Current library Shelving location Date acquired Total Checkouts Full call number Barcode Date last seen Copy number Price effective from Koha item type
    Dewey Decimal Classification     London London Journal article 28/06/2001   X113330 113330-1001 06/08/2019 1 06/08/2019 Journal article